Statistics for Big Bang Theory Theme Song Lyrics (hard)

Click here to take the quiz!

General Stats

  • This quiz has been taken 5,830 times
  • The average score is 34 of 53

Answer Stats

Lyrics% Correct
universe
93%
whole
93%
a
91%
in
90%
was
90%
hot
88%
Our
88%
dense
84%
state
84%
ago
77%
years
77%
started
75%
nearly
74%
billion
73%
expansion
72%
The
72%
Wait...
72%
Then
71%
began
70%
to
69%
Earth
68%
fourteen
68%
cool
66%
The
64%
began
61%
to
61%
big
58%
bang
57%
built
57%
drool
57%
We
57%
built
56%
history
56%
Math
56%
science
56%
the
56%
We
56%
with
56%
all
55%
BANG!
55%
pyramids
55%
started
55%
wall
55%
the
54%
the
54%
mysteries
53%
tools
52%
a
51%
unraveling
51%
developed
50%
Neanderthals
49%
autotrophs
42%
That
41%

Score Distribution

Percentile by Number Answered

Percent of People with Each Score

Your Score History

You have not taken this quiz